| 000 | 01523nam a2200277Ia 4500 | ||
|---|---|---|---|
| 999 |
_c5243 _d5243 |
||
| 003 | OSt | ||
| 005 | 20200423230838.0 | ||
| 008 | 191128s2006 ck gr 000 0 spa d | ||
| 020 | _a958695210X | ||
| 040 |
_aCO-JMCR _cCO-JMCR |
||
| 041 | 0 | _aspa | |
| 082 | 0 | 4 |
_a324.2 / _bH826r _223 |
| 100 | 1 |
_aHoskin, Gary, _ecompilador _93487 |
|
| 245 | 1 | 3 |
_aLa reforma política de 2003 : _b¿la salvación de los partidos políticos colombianos? / _cGary Hoskin y Miguel García Sánchez, compiladores |
| 250 | _aPrimera edición | ||
| 260 |
_aBogotá : _bUniversidad de los Andes : Fundación Konrad Adenauer Stiftung : London School of Economics and Political Science, _c2006 |
||
| 300 |
_axiv, 189 páginas ; _c24 cm. |
||
| 504 | _aBibliografía: páginas 188-189 | ||
| 505 | 0 | _aY se hizo la reforma... condiciones que permitieron el trámite exitoso de la reforma política del 2003 -- La reforma de 2003: la tensión entre abrir y cerrar el sistema político colombiano -- El país detrás de las urnas. Impacto de la reforma política en | |
| 520 | _aEl propósito principal del libro es analizar el impacto de la reforma política en las elecciones locales de 2003. La reforma política fue aprobada por el Congreso con el fin de reestructurar y racionalizar el sistema partidista colombiano. | ||
| 650 | 1 | 4 |
_aReforma política _zColombia _93492 |
| 650 | 1 | 4 |
_aPartidos políticos _zColombia _93493 |
| 650 | 1 | 4 |
_aElecciones sufragio _93490 |
| 700 | 1 |
_aGarcía Sánchez, Miguel, _ecompilador _93491 |
|
| 942 |
_2ddc _cBK |
||